Once Histórico de la Champions League - Chat GPT - Estadísticas

Estadísticas generales
  • Esta prueba ha sido intentada 246 veces
  • La puntuación promedio es 11 de 11
Estadísticas de respuestas
Imagen Respuesta % Correcto
Andrés Iniesta
100%
Cristiano Ronaldo
100%
Iker Casillas
100%
Lionel Messi
100%
Roberto Carlos
100%
Xavi Hernández
100%
Zinedine Zidane
100%
Raúl González
99%
Paolo Maldini
96%
Cafú
95%
Franco Baresi
77%
No se encontraron pruebas coincidentes
Distribución de puntuación
Porcentaje de gente con cada puntuación
Porcentaje por número respondido
Historial de tus puntuaciones
No has intentado esta prueba.